Wave propagation and underwater acoustics /

Guardado en:
Autor Corporativo: Workshop on Wave Propagation and Underwater Acoustics
Otros Autores: Keller, Joseph Bishop, 1923- (Editor ), Papadakis, John S., 1936- (Editor )
Formato: Libro
Idioma:English
Publicado: Berlin : Springer-Verlag, 1977.
Series:Lecture notes in physics ; 70
Materias:
Etiquetas: Agregar Etiqueta
Sin Etiquetas, Sea el primero en etiquetar este registro!
LEADER 01479pam a2200277 a 4500
001 MAT.inmabb002940
008 771223s1977####gw#a#####b####100#0#eng##
005 20130318164313.0
245 0 0 |a Wave propagation and underwater acoustics /  |c edited by Joseph B. Keller and John S. Papadakis. 
260 |a Berlin :  |b Springer-Verlag,  |c 1977. 
300 |a viii, 287 p. :  |b il. ;  |c 25 cm. 
440 0 |a Lecture notes in physics ;  |v 70 
500 |a Based on lectures first presented at the Workshop on Wave Propagation and Underwater Acoustics, Mystic, Conn., 1974. 
504 |a Incluye referencias bibliográficas. 
505 0 |a Joseph B. Keller, Survey of wave propagation and underwater acoustics -- Daljit S. Ahluwalia and Joseph B. Keller, Exact and asymptotic representations of the sound field in a stratified ocean -- Robert Burridge and Henry Weinberg, Horizontal rays and vertical modes -- Werner Kohler and George C. Papanicolaou, Wave propagation in a randomly inhomogeneous ocean -- Fred D. Tappert, The parabolic approximation method. 
510 4 |a MR,  |c 57 #4792 
020 |a 3540085270 
020 |a 0387085270 (New York) 
700 1 |a Keller, Joseph Bishop,  |d 1923-  |4 edt 
700 1 |a Papadakis, John S.,  |d 1936-  |4 edt 
711 2 |a Workshop on Wave Propagation and Underwater Acoustics  |d (1974 :  |c Mystic, Conn.) 
650 0 |a Underwater acoustics. 
084 |a 76Q05  |2 msc2000 
010 |a  77018813  
040 |a DLC  |c DLC  |d DLC 
859 |h 76  |i W355  |p A-4855  |b BIB. MATEMATICA